| 000 | 04178cam a22007694i 4500 | ||
|---|---|---|---|
| 003 | PE-LiUPU | ||
| 005 | 20250731170439.0 | ||
| 008 | 150625s20162016sp a r 000 0 spa d | ||
| 020 | _a8449307139 | ||
| 020 | _a9788449332470 | ||
| 035 | _a(Sirsi) i9788449307133 | ||
| 040 |
_aPE-LiUPU _bspa _cPE-LiUPU _dPE-LiUPU _erda |
||
| 041 | 1 |
_aspa _heng |
|
| 049 | _aPRUA | ||
| 082 | 0 | 4 |
_a153.35 _bD22 _221 |
| 100 | 1 |
_aDe Bono, Edward, _d1933, _eautor. |
|
| 245 | 1 | 3 |
_aEl pensamiento creativo : _bel poder del pensamiento lateral para la creación de nuevas ideas / _cEdward De Bono. |
| 264 | 1 |
_aBarcelona : _bPaidós, _c2002. |
|
| 264 | 1 |
_aBarcelona, España : _bPAIDOS, _c2016. |
|
| 300 |
_a464 páginas : _bilustraciones ; _c20 centímetros. |
||
| 336 |
_atext _2rdacontent |
||
| 337 |
_aunmediated _2rdamedia |
||
| 338 |
_avolume _2rdacarrier |
||
| 504 | _aÍndice . páginas 455-464. | ||
| 490 | 0 |
_aPaidós Plural ; _v7 |
|
| 505 | 0 | _aLa necesidad del pensamiento creativo -- Los beneficios -- La necesidad teórica de creatividad -- La necesidad práctica de creatividad -- Información y creatividad -- Ideas erróneas acerca de la creatividad -- Las fuentes de creatividad -- El pensamiento lateral -- Percepación y procesamiento -- Diseño y análisis -- Los usos del pensamiento creativo -- El pensamiento lateral instrumentos y técnicas -- Los seis sombreros para pensar -- La pausa creativa -- El foco -- El cuestionamiento -- Alternativas -- El abanico de conceptos -- Los conceptos -- Provocación -- El movimiento -- Cómo presentar las provocaciones -- La aportación del azar -- Técnicas de sensibilización -- Aplicación de las técnicas del pensamiento lateral -- Cosechar -- El tratamiento de las ideas -- Resultados formales -- Trabajo individual o de grupo -- La aplicación del pensamiento creativo -- Aplicación -- Creatividad cotidiana y creatividad específica -- La lista de éxitos -- Introducción de la creatividad -- La responsabilidad -- Estructuras y programas -- La enseñanza -- Formatos -- Evaluación -- Resumen. | |
| 526 | _aSEG68 | ||
| 526 | _aSEG70 | ||
| 526 | _aSEG69 | ||
| 526 | _aSEG67 | ||
| 526 | _aSEG43 | ||
| 526 | _aP144 | ||
| 526 | _aP143 | ||
| 526 | _aP131 | ||
| 526 | _aP122 | ||
| 526 | _aP120 | ||
| 526 | _aP117 | ||
| 526 | _aP112 | ||
| 526 | _aP110 | ||
| 526 | _aP106 | ||
| 526 | _aP101 | ||
| 526 | _aP80 | ||
| 526 | _aP59 | ||
| 526 | _aP54 | ||
| 526 | _aP35 | ||
| 526 | _aP33 | ||
| 526 | _aP30 | ||
| 534 |
_pTítulo original : _tSerious creativity. using the power of lateral thinking to create new ideas. |
||
| 541 | _g001-0000163295; | ||
| 541 | _g002-00000083; | ||
| 541 | _gF002-00000833; | ||
| 650 | 0 | 4 |
_aAptitud creadora _vMetodología. |
| 650 | 0 | 4 | _aPensamiento divergente. |
| 910 |
_bjv-aj _csm _d20050922 |
||
| 910 |
_adbm _bncf _cncf _d20180613 |
||
| 910 |
_armch _btqv _cjfb _d20190123 |
||
| 942 |
_2ddc _cBOOK |
||
| 949 |
_a153.35 D22 _wDEWEY _c1 _i55750 _d2016-5-9 _e2016-5-9 _lCCODEBUL1 _mBUL _n3 _p31.00 _r0 _sY _tBOOK _u2015-6-25 _xFCE _zUNKNOWN _0COMPRA _o.STAFF. Colección Ciencias de la Salud |
||
| 949 |
_a153.35 D22 2016 _wDEWEY _c1 _iFJ12425 _lCCODEBUJ1 _mBUJ _p33.00 _r0 _sY _tBOOK _u2018-01-23 _xSALUD _zPSICOLOGÍA _0COMPRA _o.STAFF. Colección General Juliaca |
||
| 994 |
_aCO _bPEPRU |
||
| 596 | _a1 3 | ||
| 994 |
_aC0 _bPEPRU |
||
| 596 | _a1 | ||
| 999 |
_a153.35 D22 _wDEWEY _c44613 _i55750 _d44613 _e2017-6-28 _f2021-11-3 _g6 _lCCODEBUL1 _mBUL _n4 _p31.00 _q1 _r0 _sY _tBOOK _u2015-6-25 _xSALUD _zUNKNOWN _0COMPRA _o.STAFF. Colección Ciencias de la Salud |
||
| 999 |
_a153.35 D22 _wDEWEY _c2 _i78676 _d2019-8-18 _e2019-8-15 _f2021-11-3 _g4 _lCCODEBUL1 _mBUL _n7 _p33.72 _q3 _r0 _sY _tBOOK _u2018-6-13 _xSALUD _zP33 _0COMPRA _1FCOMPRA _o.STAFF. Colección Ciencias de la Salud |
||
| 999 |
_a153.35 D22 2016 _wDEWEY _c1 _iFJ12425 _d2019-11-20 _e2019-8-6 _f2019-2-18 _g1 _lCCODEBUJ1 _mBUJ _n5 _p33.00 _q11 _r0 _sY _tBOOK _u2019-1-23 _xSALUD _zP33 _0COMPRA _1FCOMPR2 _2UNKNOWN _o.STAFF. Colección General Juliaca |
||
| 980 |
_81 _gALBERTO SANCHEZ Responsable de Automatización |
||